1218 1788 1104 1613 1796 1005 1421 1165 1883 1958 1768 1676 1033 1171 1741 1350 1390 1785 1652 1901 1021 1001 1439 1007 1870 1499 1186 1223 1307 1099 1483 1006 1587 1368 1189 1687 1175 1654 1854 1936 1627 1361 1609 1033 1980 1965 1583 1335 1763 1409 1972 1163 1783 1760 1478 1360 1129 1919 1306 1656 1085 1748 1592 1838 1786 1306 1342 1904 1286 1762 1359 1870 1843 1228 1740 1434 1504 1494 1265 1450 1579 1810 1226 1045 1377 1277 1929 1225 1935 1920 1337 1500 1537 1937 1325 1854 1143 1826 1376 BCNSPRNW ULIB Ver.6.0+V

เปลี่ยนเป็นภาษาไทย

Change to English
 แสดงรายละเอียดบรรณานุกรม
  กลับหน้าหลัก

Brief Record : Get Marc (ISO 2709) : E-mail record : QR code < ปิดหน้าต่าง
LEADER : 00000nam 2200000uu 4500
001    13399124797
003     ULIB
008    160324s2014||||th 000 0 eng d
020    ^a9781451190311
060 04 ^aWY86^bM142t
100 1  ^aMcEwen, Melanie,^eauthor
245 00 ^aTheoretical basis for nursing /^cMelanie McEwen, Evelyn M.Wills
250    ^a4th ed.
260    ^aPhiladelphia :^bLippincott Williams & Wilkins,^cc2014
300    ^axvi, 574 p. ;^c26 cm.
504    ^aIncludes bibliographical references and indexes
650  0 ^aNursing^xPhilosophy
650  0 ^aNursing
650  2 ^aNursing Theory
700 1  ^aWills, Evelyn M.
945    ^p1880^l0^i000346
999    ^aเกษร โพธิ์สุวรรณ
รายการนี้ยังไม่มีแท็ก
คุณยังไม่ได้ล็อกอิน คุณสามารถมีกิจกรรมร่วมกับเว็บไซต์ได้ แต่ต้องล็อกอินก่อน ::
  ล็อกอิน

รายการสื่อสารสนเทศ

ลำดับที่ ประเภท เลขเรียก/บาร์โค้ด สถานที่ สถานะ
1. Book การพยาบาล
Book การพยาบาล
WY86 M142t ฉ.1 
  Barcode: 000346
ห้องสมุดวิทยาเขตสวรรค์ประชารักษ์
►หนังสือทั่วไป
บนชั้น

รายการใกล้เคียง
    หัวเรื่อง [Nursing]
    หัวเรื่อง [Nursing Theory]

BibComment


ยังไม่เคยถูกคอมเมนท์

คอมเมนท์ทรัพยากรรายการนี้
  คอมเมนท์: Theoretical basi..


 Copyright 2026. Bcnsprnw @Library